Fundamentos del desarrollo del lenguaje / (Record no. 66023)

MARC details
000 -LEADER
campo de control de longitud fija 00849nam a2200241 i 4500
001 - NÚMERO DE CONTROL
campo de control 66023
003 - IDENTIFICADOR DE NÚMERO DE CONTROL
campo de control ES-MaACL
005 - FECHA Y HORA DE LA ÚLTIMA TRANSACCIÓN
campo de control 20230906165527.0
007 - CAMPO FIJO DE DESCRIPCIÓN FÍSICA--INFORMACIÓN GENERAL
campo de control de longitud fija t|
008 - DATOS DE LONGITUD FIJA--INFORMACIÓN GENERAL
campo de control de longitud fija 040126s1982 sp ||||1| spa d
245 00 - MENCIÓN DEL TÍTULO
Título Fundamentos del desarrollo del lenguaje /
Mención de responsabilidad, etc. compilación de Eric H. Lenneberg y Elizabeth Lenneberg ; versión de Pilar Solo, María Eugenia Sebastián, Cristina del Barrio.
260 ## - PUBLICACIÓN, DISTRIBUCIÓN, ETC.
Lugar de publicación, distribución, etc. [Madrid] :
Nombre del editor, distribuidor, etc. Alianza,
Fecha de publicación, distribución, etc. [1982]
300 ## - DESCRIPCIÓN FÍSICA
Extensión 612 p. ;
Dimensiones 23 cm.
490 1# - MENCIÓN DE SERIE
Mención de serie Alianza universidad. Textos
700 1# - ENTRADA AGREGADA--NOMBRE PERSONAL
Nombre de persona Lenneberg, Eric H.
9 (RLIN) 71530
700 1# - ENTRADA AGREGADA--NOMBRE PERSONAL
Nombre de persona Lenneberg, Elizabeth.
9 (RLIN) 71529
700 1# - ENTRADA AGREGADA--NOMBRE PERSONAL
Nombre de persona Solo, Pilar.
9 (RLIN) 107235
700 1# - ENTRADA AGREGADA--NOMBRE PERSONAL
Nombre de persona Sebastián, María Eugenia.
9 (RLIN) 105007
700 1# - ENTRADA AGREGADA--NOMBRE PERSONAL
Nombre de persona Barrio, Cristina del.
9 (RLIN) 25992
830 0# - PUNTO DE ACCESO ADICIONAL DE SERIE-TÍTULO UNIFORME
Título uniforme Alianza universidad. Textos
9 (RLIN) 177885
852 ## - LOCALIZACIÓN
Ubicación ES-MaACL
Número de control de estantería L-2231
Sublocalización o colección R.102999
Holdings
Estatus retirado Estado de pérdida Estado de daño No para préstamo Biblioteca de origen Biblioteca actual Ubicación en estantería Fecha de adquisición Fuente de adquisición Total de préstamos Signatura topográfica completa Código de barras Visto por última vez Precio de reemplazo Tipo de ítem Koha
        Biblioteca del Ateneo de Madrid Biblioteca del Ateneo de Madrid Depósito 2 17/01/2008     L-2231 1069166 23/02/2023 23/02/2023 Libro impreso